ბათუმის შოთა რუსთაველის სახელმწიფო უნივერსიტეტის ბიბლიოთეკა

კრებული მიძღვნილი აკადემიკოს ივანე ჯავახიშვილის დაბადების 100 წლისთავისადმი / (ბიბ.ჩანაწერი № 56208)

000 -ლიდერი
ფიქსირებული სიგრძის საკონტროლო ველი 01310nam a2200241Ia 4500
001 - საკონტროლო ნომერი
საკონტროლო ველი 23309
003 - საკონტროლო ნომრის იდენტიფიკატორი
საკონტროლო ველი GE_BSU
005 - ბოლო ოპერაციის თარიღი და დრო
საკონტროლო ველი 20251208150323.0
008 - ფიქსირებული სიგრძის მონაცემთა ელემენტები - ზოგადი ინფორმაცია
ფიქსირებული სიგრძის საკონტროლო ველი 181216s1977||||ge |||||||||||||| ||geo||
040 ## - კატალოგიზაციის წყარო
Transcribing agency GE_BSU
041 ## - ენის კოდი
Language code of text/sound track or separate title geo
080 ## - უნივერსალური ათობითი კლასიფიკაციის ინდექსი
Universal Decimal Classification number 930(479.22)(092 ჯავახიშვილი, ი.) კ-83
245 ## - ცნობა სათაურის შესახებ
Title კრებული მიძღვნილი აკადემიკოს ივანე ჯავახიშვილის დაბადების 100 წლისთავისადმი /
Statement of responsibility, etc რედ.: ა. კიკვიძე.
264 ## - წარმოების, გამოცემის, დისტრიბუციის და სხვა ცნობები
გამოცემის, წარმოების, დისტრიბუციის... ადგილი თბილისი :
გამოცემის, წარმოების, დისტრიბუციის... სახელწოდება განათლება,
გამოცემის, წარმოების, დისტრიბუციის... თარიღი 1977.
300 ## - ფიზიკური აღწერა
Extent 194 გვ. ;
Dimensions 21 სმ.
500 ## - ზოგადი შენიშვნა
General note გარეკანზე სათაური: ივანე ჯავახიშვილი 100
504 ## - BIBLIOGRAPHY, ETC. NOTE
Bibliography, etc ბიბლიოგრაფია ტექსტების შენიშვნებში
520 ## - SUMMARY, ETC.
Summary, etc გარეკანზე სათ.: ივანე ჯავახიშვილი 100.
700 ## - ADDED ENTRY--PERSONAL NAME
Personal name კიკვიძე, ა.
Relator term რედაქტორი
9 (RLIN) 1511
710 ## - ADDED ENTRY--CORPORATE NAME
Corporate name or jurisdiction name as entry element საქ. სსრ მეცნ. აკადემია
Subordinate unit საქ. საისტ. სამეცნ. საზ-ბა.
9 (RLIN) 26380
942 ## - ADDED ENTRY ELEMENTS (KOHA)
Koha item type წიგნი
Source of classification or shelving scheme
ეგზემპლარები
ჩამოწერის სტატუსი დაკარგული ეგზემპლარის სტატუსი კლასიფიკაციის წყარო ან თაროზე გაწყობის სქემა დაზიანების სტატუსი არ გაიცემა მუდმივი მდებარეობა (დაცვის ადგილი) ამჟამინდელი ადგილსამყოფელი თაროზე განთავსების ადგილი შეძენის თარიღი ღირებულება, შესყიდვის ნორმალური ფასი სრული შენახვის შიფრი შტრიხკოდი ბოლო ოპერაციის თარიღი ეგზემპლარის მიმდევრობითი ნომერი (კეტერი?) ფასის ძალაში შესვლის თარიღი ეგზემპლარის სახეობა საჯარო შენიშვნა
          ბათუმის შოთა რუსთაველის სახელმწიფო უნივერსიტეტის მთავარი ბიბლიოთეკა ბათუმის შოთა რუსთაველის სახელმწიფო უნივერსიტეტის მთავარი ბიბლიოთეკა წიგნსაცავი 2018-12-17 1.46 930(479.22)(092 ჯავახიშვილი, ი.) კ-83 28292 2018-12-17 28292 2018-12-17 წიგნი 1.46 ₾.